Mahasthan: (Record no. 21822)
[ view plain ]
| 000 -LEADER | |
|---|---|
| fixed length control field | 01021cam a22002651 4500 |
| 001 - CONTROL NUMBER | |
| control field | 8479757 |
| 003 - CONTROL NUMBER IDENTIFIER | |
| control field | BDDh-ASL |
| 005 - DATE AND TIME OF LATEST TRANSACTION | |
| control field | 20231015030040.0 |
| 008 - FIXED-LENGTH DATA ELEMENTS--GENERAL INFORMATION | |
| fixed length control field | 820614s1964 pk ab b 000 0 eng |
| 010 ## - LIBRARY OF CONGRESS CONTROL NUMBER | |
| LC control number | sa 67006757 |
| 025 ## - OVERSEAS ACQUISITION NUMBER | |
| Overseas acquisition number | PL480:P-E-1148 |
| 035 ## - SYSTEM CONTROL NUMBER | |
| System control number | (OCoLC)8516770 |
| 040 ## - CATALOGING SOURCE | |
| Original cataloging agency | DLC |
| Transcribing agency | OCoLC |
| Modifying agency | DLC |
| -- | BDDh-ASL |
| 042 ## - AUTHENTICATION CODE | |
| Authentication code | premarc |
| 050 00 - LIBRARY OF CONGRESS CALL NUMBER | |
| Classification number | DS486.M27 |
| Item number | N3 |
| 082 ## - DEWEY DECIMAL CLASSIFICATION NUMBER | |
| Classification number | 930.1095 |
| Item number | AHM |
| 100 1# - MAIN ENTRY--PERSONAL NAME | |
| Personal name | Ahmed, Nazimuddin, |
| Dates associated with a name | 1926-2009. |
| 245 10 - TITLE STATEMENT | |
| Title | Mahasthan: |
| Remainder of title | a preliminary report on the recent archaeological excavations at Mahasthangarh / |
| 260 ## - PUBLICATION, DISTRIBUTION, ETC. | |
| Place of publication, distribution, etc. | Karachi : |
| -- | Dacca: |
| Name of publisher, distributor, etc. | Dept. of Archaeology and Museums, Ministry of Education, Govt. of Pakistan, |
| -- | Dept. of Archaeology and Museums, Ministry of Cultural Affairs and Sports Division, Govt. of Bangladesh, |
| Date of publication, distribution, etc. | [1964] |
| -- | 1975. |
| 300 ## - PHYSICAL DESCRIPTION | |
| Extent | iv, 76 p. : |
| Other physical details | illus., maps (1 col.) |
| Dimensions | 22 cm., 26 cm. |
| 504 ## - BIBLIOGRAPHY, ETC. NOTE | |
| Bibliography, etc. note | Bibliographical footnotes. |
| 651 #0 - SUBJECT ADDED ENTRY--GEOGRAPHIC NAME | |
| Geographic name | Mahāsthān |
| General subdivision | Antiquities. |
| 906 ## - LOCAL DATA ELEMENT F, LDF (RLIN) | |
| a | 7 |
| b | cbc |
| c | oclcrpl |
| d | u |
| e | ncip |
| f | 19 |
| g | y-gencatlg |
| 942 ## - ADDED ENTRY ELEMENTS (KOHA) | |
| Source of classification or shelving scheme | Dewey Decimal Classification |
| Koha item type | Books |
| Withdrawn status | Lost status | Source of classification or shelving scheme | Damaged status | Not for loan | Collection code | Home library | Current library | Shelving location | Date acquired | Source of acquisition | Total Checkouts | Full call number | Barcode | Date last seen | Copy number | Price effective from | Koha item type | Public note |
|---|---|---|---|---|---|---|---|---|---|---|---|---|---|---|---|---|---|---|
| Dewey Decimal Classification | Damaged | Non-fiction | Asiatic Society Library | Asiatic Society Library | General Stacks | 02/15/2021 | ASB Library Collections | 930.1095 AHM | 105794 | 02/15/2021 | C-1 | 02/15/2021 | Books | RARE | ||||
| Dewey Decimal Classification | Non-fiction | Asiatic Society Library | Asiatic Society Library | General Stacks | 03/11/2021 | Donated by Prof. Dr. M. Abdul Qayyum and Dr. Razia Sultana | 930.1095 AHM | 107413 | 03/11/2021 | C-1 | 03/11/2021 | Books | RARE |